|
|
|
|
| LEADER |
00000nam a2200000 i 4500 |
| 001 |
1/95261 |
| 008 |
081013s2005 eng d |
| 020 |
|
|
|a 978-0-12-088796-5
|
| 020 |
|
|
|a 0-12-088796-7
|
| 035 |
|
|
|l 10100809
|
| 040 |
|
|
|a GR-MY-UA
|b gre
|e aacr
|
| 041 |
0 |
|
|a eng
|
| 082 |
0 |
|
|a 660.0286
|2 (22)
|
| 100 |
1 |
|
|a Hocking, M. B.
|q (Martin Blake)
|d 1938-
|
| 245 |
1 |
0 |
|a Handbook of chemical technology and pollution control /
|c Martin B. Hocking
|
| 250 |
|
|
|a 3rd ed.
|
| 260 |
|
|
|a Amsterdam :
|b Elsevier,
|c 2005
|
| 300 |
|
|
|a xxix, 799 σ.;
|b εικ.;
|c 26 εκ.
|
| 500 |
|
|
|a Academic Press είναι αναφορά στοιχείων έκδοτη του Elsevier
|
| 504 |
|
|
|a Περιέχει βιβλιογραφικές παραπομπές και ευρετήριο
|
| 650 |
0 |
0 |
|a Chemistry, Technical
|x Handbooks, manuals, etc.
|
| 650 |
0 |
0 |
|a Pollution
|x Handbooks, manuals, etc.
|
| 852 |
|
|
|a INST
|b LESVOS
|e 20081013
|h 660.0286 HOC
|p 005100043250
|q 005100043250
|t BK
|y 0
|
| 901 |
|
|
|a BIBL1-2008-3
|
| 909 |
|
|
|a Λ
|b 145065
|
| 922 |
|
|
|a 1ΕΛΗ
|b 200801
|c ΕΠΕΑΕΚ2/ΤΕΘ
|d ΕΛΕΥΘΕΡΟΥΔΑΚΗΣ
|
| 970 |
|
|
|a ΚΑΡΑ
|b ΓΙΑΣΕΜΗ
|z 2008/10/13
|